| 000 | 00565nam a2200217 a 4500 | ||
|---|---|---|---|
| 999 |
_c5693 _d5693 |
||
| 001 | 5693 | ||
| 003 | BD-JhCC | ||
| 005 | 20171227164453.0 | ||
| 008 | 171219s2011 bg a|||| || | 000 0 eng d | ||
| 035 | _a(BD-JhCC)5693 | ||
| 040 |
_aBD-JhCC _dBD-JhCC |
||
| 041 | _aeng | ||
| 082 |
_a530 _bGHA 2011 |
||
| 100 | _aGhani, Md. Abdul | ||
| 245 |
_aA textbook of Higher Secondary Physics First Paper / _cMd. Abdul Ghani |
||
| 260 |
_aDhaka : _bMullick Brothers, _c2011. |
||
| 300 |
_a40, 632 p. : _c24 cm. |
||
| 650 | _aPhysics | ||
| 942 |
_2ddc _cBK |
||